000 00548nam a2200169 i 4500
001 82522
003 ES-MaACL
005 20230906174704.0
007 t|
008 041110s1914 sp ||||1| spa d
100 1 _aIbn Harit al-Jusani.
_965011
245 1 0 _aHistoria de los Jueces de Córdoba /
_cpor Aljoxani ; texto árabe y traducción española por Julián Ribera.
260 _aMadrid :
_b[s.n.,
_c1914] (
_fImp. Ibérica)
300 _aXLVI, 272 p. ;
_c23 cm.
700 1 _aRibera, Julián (
_d1858-1934)
_996779
852 _aES-MaACL
_jB-5044
999 _c82522
_d82522